Οι ελληνικοί σκοτεινοί αιώνες

Αποθηκεύτηκε σε:
Λεπτομέρειες βιβλιογραφικής εγγραφής
Κύριος συγγραφέας: Desborough, V. R. d'A. (Vincent Robin d'Arba)
Άλλοι συγγραφείς: Ξένος, Θεόδωρος (Επιμελητής έκδοσης), Κόρτη-Κόντη, Στέφη (trlf)
Μορφή: Βιβλίο
Γλώσσα:Greek
English
Δημοσίευση: Αθήνα : Ινστιτούτο του Βιβλίου - Α. Καρδαμίτσα, 1995.
Θέματα:
Ετικέτες: Προσθήκη ετικέτας
Δεν υπάρχουν, Καταχωρήστε ετικέτα πρώτοι!

MARC

LEADER 00000cam a2200000 i 4500
001 1/73165
008 080201s1995 gr | ||| |||| ||gre||
020 |a 9603540196 
035 |l 10094331 
040 |a GR-MyUa  |b gre   |e AACR2  
041 1 |a gre  |h eng 
082 7 |a 913.38031   |2 (22) 
100 1 |a Desborough, V. R. d'A.   |q (Vincent Robin d'Arba) 
245 1 3 |a Οι ελληνικοί σκοτεινοί αιώνες /   |c V.R. d'A. Desborough ; μετάφραση: Στέφη Κόρτη-Κόντη ; επιμέλεια: Θεόδωρος Ξένος. 
260 |a Αθήνα :   |b Ινστιτούτο του Βιβλίου - Α. Καρδαμίτσα,   |c 1995.  
300 |a 457 σ. ;   |c 24 εκ.  
500 |a Το τεκμήριο έχει το ίδιο ISBN με το: Μελέτες Βυζαντινής ιστορίας / Σαββίδης, Αλέξης.  
500 |a Τίτλος πρωτοτύπου: The greek dark ages. 
504 |a Βιβλιογραφία: σ. [413]-436 και ευρετήριο.  
650 0 |a Civilization, Aegean. 
651 0 |a Greece  |x Antiquities. 
651 0 |a Greece  |x History  |y To 146 B.C. 
700 1 |a Ξένος, Θεόδωρος,  |e edt 
700 1 |a Κόρτη-Κόντη, Στέφη,  |e trlf 
852 |a INST  |b RHODES  |e 20080201  |h 913.38031 DES  |p 005400030184  |q 005400030184  |t BK  |y 0 
901 |a BIBL4-2008-1 
922 |a 4ΕΛΗ  |b 200801  |c ΕΠΕΑΕΚ2/ΤΜΣ  |d Σ. ΠΑΤΑΚΗΣ 
970 |a Κόζα   |b Μαρία   |z 2008/02/01